00290nam a22001217a 4500003000400000005001700004008004100021040001400062100002500076245002500101260003400126300000800160OSt20220421150846.0220421b xxu||||| |||| 00| 0 eng d csero soft aChif Justice,Monir.M aThe Law of Evidence aDelhibUniversal Lexis Nexsis a588